Continuous-Time Finance /

Kaydedildi:
Detaylı Bibliyografya
Yazar: Merton, Robert C. (autor)
Diğer Yazarlar: Samuelson, Paul Anthony (prólogo) (prólogo)
Materyal Türü: Kitap
Dil:İngilizce
Baskı/Yayın Bilgisi: Malden, EUA : Blackwell, 2003, c1990
Konular:
Etiketler: Etiketle
Etiket eklenmemiş, İlk siz ekleyin!

MARC

LEADER 00000nam^a2200000^a^4500
001 000157878
005 20250521000000.0
009 20260310100553.108
020 |a 0-631-18508-9 
037 |a Acervo ITESO - Biblioteca 
041 |a ING 
082 |a 332. 01  |b MER 
100 |a Merton, Robert C.  |e (autor) 
245 1 0 |a Continuous-Time Finance /  |c R.C. Merton ; pról. de P.A. Samuelson. 
264 4 |a Malden, EUA :  |b Blackwell,  |c 2003, c1990 
300 |a XIX, 732 p. 
336 |a texto  |b txt  |2 rdacontenido 
337 |a sin mediación  |b n  |2 rdamedio 
338 |a volumen  |b nc  |2 rdasoporte 
649 |a XX 
650 |a Inversiones 
650 |a Consumo 
650 |a Equilibrio (Economía) 
650 |a Interés (Economía) 
650 |a Precios -  |x Teoría 
650 |a Mercado de Capitales 
650 |a Mercado 
650 |a Matemáticas Financieras 
650 |a Economía Internacional 
650 |a Finanzas Internacionales 
650 |a Finanzas 
650 |a Econometría 
650 |a Economía 
700 |a Samuelson, Paul Anthony  |e (prólogo) 
910 |a Fondo General 
920 |a Impresos - Libros 
930 |a Colección General 
905 |a 101 
901 |a 0500087771  |b IT1  |c ACC  |u 20250521 
902 |a https://opac.biblio.iteso.mx/vufind/Record/000157878